[Event "FRA-chT2"]
[Site "France"]
[Date "2002.03.09"]
[Round "8"]
[White "Negraru, Mirela"]
[Black "Paysse, Sophie"]
[Result "1-0"]
[WhiteElo "1890"]
[BlackElo "1140"]
[PlyCount "47"]
[EventDate "2002.??.??"]
[EventType "team"]
[EventRounds "11"]
[EventCountry "FRA"]
[SourceTitle "EXT 2003"]
[Source "ChessBase"]
[SourceDate "2002.11.25"]
[SourceVersion "1"]
[SourceVersionDate "2002.11.25"]
[SourceQuality "1"]
[WhiteTeam "Bordeaux Echecs I"]
[BlackTeam "Bagneux"]
[WhiteTeamCountry "FRA"]
[BlackTeamCountry "FRA"]

1. e4 e5 2. Nf3 Nc6 3. Bb5 d6 4. 0-0 Bd7 5. c3 Nf6 6. Re1 a6 7. Ba4 b5 8. Bb3 Bg4 9. h3 Bh5 10. d3 Na5 11. Bc2 c5 12. Nbd2 Be7 13. Nf1 0-0 14. Ng3 Bg6 15. Nh4 Nc6 16. f4 h6 17. Nxg6 fxg6 18. Qf3 exf4 19. Bxf4 b4 20. Qe2 bxc3 21. bxc3 Qb6 22. Rab1 Qa5 23. Qd2 Qxa2 24. Bb3+ 1-0